Отчет о гидрологических исследованиях в районе ключевых источников, произведенных в 1905-1908 гг. [Вып. 2] (Запись № 4735214)

Подробности
000 -МАРКЕР
контрольное поле 01497nam2a22002531 4500
001 - ИДЕНТИФИКАТОР ЗАПИСИ
контрольное поле v19\rc\2056412
005 - ИДЕНТИФИКАТОР ВЕРСИИ
контрольное поле 20250620023422.0
035 ## - ДРУГИЕ СИСТЕМНЫЕ НОМЕРА
Идентификатор записи (NLR Aleph) 005133800
100 ## - ДАННЫЕ ОБЩЕЙ ОБРАБОТКИ
Данные общей обработки 20081111d1909 |||y0rusy50 ca
101 0# - ЯЗЫК РЕСУРСА
Язык текста, звукозаписи и т.д. русский
102 ## - СТРАНА ПУБЛИКАЦИИ ИЛИ ПРОИЗВОДСТВА
Страна публикации Российская Федерация
105 ## - ПОЛЕ КОДИРОВАННЫХ ДАННЫХ: ТЕКСТОВЫЕ МАТЕРИАЛЫ, МОНОГРАФИЧЕСКИЕ
Кодированные данные о монографическом текстовом документе y z |||||
200 0# - ЗАГЛАВИЕ И СВЕДЕНИЯ ОБ ОТВЕТСТВЕННОСТИ
Основное заглавие [Вып. 2]
210 ## - ПУБЛИКАЦИЯ, РАСПРОСТРАНЕНИЕ И ДР.
Дата издания, распространения и т.д. 1909
Место издания, распространения и т.д. Б. м.
215 ## - ФИЗИЧЕСКАЯ ХАРАКТЕРИСТИКА
Специфическое обозначение материала и объем [2], 113-240 с.
Другие сведения о физической характеристике граф.
311 ## - ПРИМЕЧАНИЯ, ОТНОСЯЩИЕСЯ К ПОЛЯМ СВЯЗИ (ПРИМЕЧАНИЯ О СВЯЗИ С ДРУГИМИ ПРОИЗВЕДЕНИЯМИ (ИЗДАНИЯМИ))
Текст примечания Продолж. беспл. прил. № 22 к "Изв...". № 4
422 #0 - ИЗДАНИЕ, К КОТОРОМУ ОТНОСИТСЯ ПРИЛОЖЕНИЕ
Встроенное поле 2001#$aИзвестия Санкт-Петербургской городской думы$v№ 4
Заглавие Известия Санкт-Петербургской городской думы
461 #0 - УРОВЕНЬ НАБОРА
Встроенное поле 001v19\rc\2056410
-- 2001#$aОтчет о гидрологических исследованиях в районе ключевых источников, произведенных в 1905-1908 гг.$fН.Ф. Погребов. [Вып. 1-2]$v[Вып. 2]
-- 700#1$aПогребов$bН.Ф.$f1860-1942$gНиколай Федорович
Системный номер (АБИС) связанной записи 4735199
Автор Погребов, Н.Ф. (1860-1942)
Место публикации Санкт-Петербург
Дата публикации 1908-1909
Первые сведения об ответственности Н.Ф. Погребов. [Вып. 1-2]
Имя издателя, распространителя и т.д. Спб. гор. тип.
Физическая характеристика 2 т.
Заглавие Отчет о гидрологических исследованиях в районе ключевых источников, произведенных в 1905-1908 гг.
Номер тома [Вып. 2]
801 #0 - ИСТОЧНИК ЗАПИСИ
Страна Российская Федерация
Организация NLR
Правила каталогизации psbo
801 #1 - ИСТОЧНИК ЗАПИСИ
Страна Российская Федерация
Организация ProSoft-M
Источник данных rusmarc
852 ## - МЕСТОНАХОЖДЕНИЕ И ШИФР ХРАНЕНИЯ
Идентификатор организации NLR
Шифр хранения (Call Number) 133/1592(2)
942 ## - ДОПОЛНИТЕЛЬНЫЕ ЭЛЕМЕНТЫ ЗАПИСИ (АБИС)
Тип экземпляра АБИС Книга
980 ## - КОЛЛЕКЦИЯ
Название коллекции Национальная библиография
Экземпляры
Тип экземпляра Дата поступления Библиотека постоянного хранения Библиотека текущего хранения Место хранения Шифр хранения Штрих-код Статус экземпляра
Книга 26.10.2013 РНБ (Садовая) РНБ (Садовая) Русский книжный фонд -Главное здание, Ленинский читальный зал 133/1592(2) 5133800-10